LEADER 01716nam 2200529Ia 450 001 9910452742503321 005 20200520144314.0 010 $a1-60876-764-7 035 $a(CKB)2550000001041380 035 $a(EBL)3018550 035 $a(SSID)ssj0000853059 035 $a(PQKBManifestationID)12410474 035 $a(PQKBTitleCode)TC0000853059 035 $a(PQKBWorkID)10864601 035 $a(PQKB)10656136 035 $a(MiAaPQ)EBC3018550 035 $a(Au-PeEL)EBL3018550 035 $a(CaPaEBR)ebr10660411 035 $a(OCoLC)844348632 035 $a(EXLCZ)992550000001041380 100 $a20091016d2009 uy 0 101 0 $aeng 135 $aur|n|---||||| 181 $ctxt 182 $cc 183 $acr 200 00$aCooperation with drug transit countries of illegal drugs$b[electronic resource] /$feditor, Benjamin S. Rosen 210 $aNew York $cNova Science Publishers$dc2009 215 $a1 online resource (281 p.) 225 0 $aDrug transit and distribution, interception and control 300 $aDescription based upon print version of record. 311 $a1-60692-991-7 410 0$aDrug Transit and Distribution, Interception and Control 606 $aDrug control$xInternational cooperation 606 $aDrug traffic$zUnited States$xPrevention 608 $aElectronic books. 615 0$aDrug control$xInternational cooperation. 615 0$aDrug traffic$xPrevention. 676 $a363.450973 712 02$aRosen, Benjamin S. 801 0$bMiAaPQ 801 1$bMiAaPQ 801 2$bMiAaPQ 906 $aBOOK 912 $a9910452742503321 996 $aCooperation with drug transit countries of illegal drugs$92260308 997 $aUNINA LEADER 01054nbm0 22002651i 450 001 UON00159892 005 20231205103002.624 100 $a20020517f |0itac50 ba 101 $aira 102 $aIR 105 $a|||| ||||| 181 $ai$b 182 $an 200 1 $aBaharestan 205 $aManoscritto in lingua persiana 210 $acc. 1v-98r, la c. 1 è incollata al piatto della coperta ; 9x14,5 cm 215 $aRilegato in cartone rigido con dorso in pelle$dTracce di precedenti restauri 316 $aRegistrato inv. il 10/11/1987, 8 mss. Lire 550.000$5IT-UONSI MSPERS/009 686 $aMANOSCRITTI$cManoscritti$2A 801 $aIT$bSOL$c20240220$gRICA 899 $aSIBA - SISTEMA BIBLIOTECARIO DI ATENEO$2UONSI 912 $aUON00159892 950 $aSIBA - SISTEMA BIBLIOTECARIO DI ATENEO$dSI MS PERS 009 $eSI SA 105025 7 009 Registrato inv. il 10/11/1987, 8 mss. Lire 550.000$sDeteriorato 996 $aBaharestan$91471512 997 $aUNIOR